00796 2200229 4500001002100000005001700021008004100038035002500079040001200104082001500116084002000131100001900151245017100170260006200341300003200403500005200435504002500487650001000512700001400522850001200536990001800548INLIS00000000000894820150805053745.0  a0010-081500000000386 aYOPDYOG 223a616.34 aSK 616.34 Nov H aNOVA Hikmawati aHubungan tingkat pengetahuan ibu tentang penyakit diare dengan perilaku pencegahan diare pada balita di Puskesmas Umbulharjo I Yogyakarta tahun 2006c/ Nova Hikmawati aYogyakartabSekolah Tinggi Ilmu Kesehatan 'Aisyiyahc2006 axii, 42 lembar. ;c29,5 cm. aTugas Akhir Program Studi Diploma III Kebidanan aBibliografi: hlm. 42 aDiare aSUGIYANTO aYOPDYOG a47288-PD/A.15